La biblioteca en las escuelas primarias de la Región de Murcia (Record no. 63301)
[ view plain ]
| 000 -CABECERA | |
|---|---|
| campo de control de longitud fija | 00582nam a2200205 a 4500 |
| 005 - FECHA Y HORA DE LA ÚLTIMA TRANSACCIÓN | |
| campo de control | 20210219152908.0 |
| 008 - ELEMENTOS DE LONGITUD FIJA--INFORMACIÓN GENERAL | |
| campo de control de longitud fija | 991125n 000 0 spa u |
| 035 ## - NÚMERO DE CONTROL DEL SISTEMA | |
| Número de control de sistema | UPN01000066107 |
| 100 ## - ASIENTO PRINCIPAL--NOMBRE PERSONAL | |
| Nombre de persona | LOPEZ FERNANDEZ, J. Antonio |
| 222 ## - TÍTULO CLAVE | |
| Título clave | EDUCACION Y BIBLIOTECA |
| 245 ## - MENCIÓN DE TÍTULO | |
| Título | La biblioteca en las escuelas primarias de la Región de Murcia |
| 300 ## - DESCRIPCIÓN FÍSICA | |
| Extensión | 49-53 |
| 362 ## - FECHAS DE PUBLICACIÓN Y/O DESIGNACIÓN SECUENCIAL | |
| Fecha de publicación y/o designación secuencial | 1992 Año 4, No. 31, nov. |
| 653 0# - TERMINO DE INDIZACION - NO CONTROLADO | |
| Término no controlado | BIBLIOTECAS ESCOLARES |
| 653 0# - TERMINO DE INDIZACION - NO CONTROLADO | |
| Término no controlado | ESPAÑA |
| 653 0# - TERMINO DE INDIZACION - NO CONTROLADO | |
| Término no controlado | INVESTIGACION |
| 653 0# - TERMINO DE INDIZACION - NO CONTROLADO | |
| Término no controlado | PLANEAMIENTO BIBLIOTECARIO |
| 904 ## - ELEMENTOS DE DATOS D LOCAL, LDD (RLIN) | |
| a | AC |
| b | 003918 |
| 905 ## - TIPO DE MATERIAL | |
| Tipo de material | Articulo |
No items available.
